00358nam a2200145Ia 4500008004100000020001500041041001200056082001600068100001600084245006300100250000800163260002500171300000800196650000800204221030s9999 xx 000 0 und d a0070494827 aEnglish a105.23bVee aT. Veerajan 0aProbability, Statistics & Random Processescby T. Veerajan a2nd bTMHaNew Delhic2004 a693 aECE